000 01037cam a2200277 i 4500
001 20590659
003 OSt
005 20260211100255.0
008 180719t20172017nyub b 001 0 eng
010 _a 2017301177
020 _a9780143032465
040 _aDLC
_beng
_cDLC
_erda
_dDLC
042 _apcc
043 _aa-ii---
082 0 0 _a320.954 KHI
100 1 _aKhilnani, Sunil
245 1 4 _aThe idea of India /
_cSunil Khilnani.
264 1 _aNew York :
_bFarrar Straus Giroux,
_c2017.
300 _axxxiii, 263 p. :
_bill. ;
_c21 cm
505 _aOne Democracy 15 Two Temples of the Future 61 Cities 107 Four Who is an Indian? 150 Epilogue The Garb of Modernity 196 References 209 Index 243 Copyright
651 0 _aIndia
_xPolitics and government
_y1947-
856 _uhttps://www.google.co.in/books/edition/The_Idea_of_India/lAeke61Nd6kC?hl=en&gbpv=1&printsec=frontcover
906 _a7
_bcbc
_corigcop
_d2
_encip
_f20
_gy-gencatlg
942 _2ddc
_cBK
999 _c112207
_d112207